Bezpečnostné a hygienické podmienky prevádzkovania technicko-hygienickej údržby Železničnej spoločnosti Slovensko, a.s.
Uložené v:
| Hlavný autor: | |
|---|---|
| Ďalší autori: | |
| Médium: | Rukopis Kniha |
| Jazyk: | Slovak |
| Vydavateľské údaje: |
2015
|
| Predmet: | |
| On-line prístup: | http://is.stuba.sk/zp/portal_zp.pl?podrobnosti=109863 |
| Tagy: |
Žiadne tagy, Buďte prvý, kto otaguje tento záznam!
|
MARC
| LEADER | 00000ntm a22000003a 4500 | ||
|---|---|---|---|
| 001 | stuzp51057 | ||
| 003 | SK-STU | ||
| 005 | 20160719153736.2 | ||
| 007 | ta | ||
| 008 | 150427s2015----xo-----f-mn---000-0-slo-d | ||
| 040 | |a STU |b slo | ||
| 041 | 0 | |a slo | |
| 100 | 1 | |a Ľubušký, Peter, |d 1990- |u 065000 |4 aut |U MTF Materiálovotechnologická fakulta |T MTF Ústav bezpečnosti, environmentu a kvality |X 6505 |U M5000 |Y 85 |7 A000006505 | |
| 242 | 0 | 1 | |a Safety and hygienic conditions of operation of the technical-hygienic maintenance in the Slovak railway company |y eng |
| 245 | 1 | 0 | |a Bezpečnostné a hygienické podmienky prevádzkovania technicko-hygienickej údržby Železničnej spoločnosti Slovensko, a.s. |
| 260 | |c 2015 | ||
| 650 | 4 | |a sterilná koľaj |2 slo | |
| 650 | 4 | |a posúdenie rizika |2 slo | |
| 650 | 4 | |a hala prevádzkového ošetrovania súprav |2 slo | |
| 650 | 4 | |a stabilný halový umývač |2 slo | |
| 650 | 4 | |a hall of operational maintenance of trains |2 eng | |
| 650 | 4 | |a point method |2 eng | |
| 650 | 4 | |a stable hall washer |2 eng | |
| 650 | 4 | |a sterile rail |2 eng | |
| 700 | 1 | |a Kusý, Roman, |d 1965- |4 ths |X 25388 |7 A000025388 | |
| 856 | 4 | |u http://is.stuba.sk/zp/portal_zp.pl?podrobnosti=109863 | |
| 996 | |c M* DP-12492 |l MMSKP |s P |a 0 |w stuzp51057_0001 | ||
| SQL | |a stuzp51057 |b DDP |c SLO |d Bezpečnostné a hygienické podmienky prevádzkovania technicko-hygienickej údržby Železničnej spoločnosti Slovensko, a.s. |e 6505 |f Ľubušký, Peter |g 065000 |h 25388 |i Kusý, Roman |j 20150603 |k 670 |l 06 |m http://is.stuba.sk/zp/portal_zp.pl?podrobnosti=109863 |n I-IBE |o 8.3.5. bezpečnosť a ochrana zdravia pri práci | ||